000 00911nam a2200193 a 4500
001 000037849
005 20201002031127.0
008 130307s20uu dr a 000 0 spa d
020 _a9789945872385
040 _aDO-SdBNP
_bspa
_cBNPHU
100 1 _aRodwin Mirabal, Yoselman
_964297
245 1 0 _aPanorama mundial :
_buna perspectiva latinoamericana /
_cYoselman Rodwin Mirabal, Agapito de los Santos ; prólogo Epifanio González Minaya.
260 _aSanto Domingo :
_bProducciones Mirabal,
_c[200-?].
300 _a160 p. :
_bil., ;
_c23 cm.
500 _aIncluye datos biográficos de los autores en la solapa
504 _aBibliografía: p. 159-160
505 0 _aEl mundo :elementos preliminares --
_tEl mundo : un enfoque geopolítico --
_tEl mundo : un enfoque económico --
_tEl Mundo : un enfoque religioso --
_tEl mundo : temas de actualidad --
_tBibliografía--
700 1 _aSantos, Agapito de los
_964298
999 _c37339
_d37339